[Event "ClassM.051"]
[Site "IECG email"]
[Date "1998.??.??"]
[Round "?"]
[White "Claridge, John Bleddyn"]
[Black "Daurelle, Herve"]
[Result "1/2-1/2"]
[WhiteElo "2140"]
[BlackElo "2310"]
[PlyCount "74"]
[EventDate "1998.??.??"]
[Source "www.chesslib.no"]
[SourceDate "2004.05.04"]

1. e4 e5 2. f4 exf4 3. Nc3 Qh4+ 4. Ke2 d5 5. Nxd5 Bg4+ 6. Nf3 Nc6 7. Nxc7+ Kd8 8. Nxa8 Ne5 9. Qe1 Nxf3 10. Qxh4+ Nxh4+ 11. Ke1 Kc8 12. d4 g5 13. Kf2 Kb8 14. g3 Ng6 15. gxf4 gxf4 16. Bc4 Be6 17. Bxe6 fxe6 18. h4 h5 19. Rg1 N8e7 20. d5 exd5 21. exd5 Bg7 22. Bxf4+ Kxa8 23. d6 Bd4+ 24. Be3 Bxe3+ 25. Kxe3 Nf5+ 26. Kf2 Ngxh4 27. Rad1 Kb8 28. Rg5 Rf8 29. d7 Kc7 30. d8=Q+ Rxd8 31. Rxd8 Kxd8 32. Rxh5 Kc7 33. c4 a5 34. Rh7+ Kc6 35. Ke2 Ng6 36. Kd3 Nd6 37. Kc3 Ne5 1/2-1/2

[Event "EU Ch U18"]
[Site "Rimavska Sobota SVK"]
[Date "1996.??.??"]
[Round "8"]
[White "Mai, Philipp"]
[Black "Salmensuu, Olli"]
[Result "0-1"]
[WhiteElo "2170"]
[BlackElo "2280"]
[PlyCount "60"]
[EventDate "1996.??.??"]
[Source "www.chesslib.no"]
[SourceDate "2004.05.04"]

1. e4 e5 2. f4 exf4 3. Nc3 Nf6 4. d4 Bb4 5. Qf3 d5 6. e5 Ne4 7. Bxf4 O-O 8. Qe3 c5 9. O-O-O cxd4 10. Qxd4 Nc6 11. Qe3 Bxc3 12. bxc3 Qa5 13. Kb2 Be6 14. a3 Nc5 15. Bd3 Na4+ 16. Kc1 Nxc3 17. Ne2 d4 18. Qg3 Kh8 19. Qh4 Nxe2+ 20. Kb2 g6 21. Qf6+ Kg8 22. Bxe2 Qc3+ 23. Kb1 Nb4 24. axb4 Qxb4+ 25. Kc1 Qa3+ 26. Kd2 Qc3+ 27. Kc1 Bb3 28. Bd3 Bxc2 29. Bd2 Qa1+ 30. Kxc2 Qa2+ 0-1

[Event "Corsico FIDE"]
[Site "?"]
[Date "1997.??.??"]
[Round "?"]
[White "Ricca, Roberto"]
[Black "Mione, D."]
[Result "1/2-1/2"]
[WhiteElo "2145"]
[BlackElo "2295"]
[PlyCount "28"]
[EventDate "1997.??.??"]
[Source "www.chesslib.no"]
[SourceDate "2004.05.04"]

1. f4 e5 2. e4 exf4 3. Nc3 d6 4. Bc4 Qh4+ 5. Kf1 Nc6 6. Nf3 Qh5 7. Nd5 Be6 8. Nxc7+ Kd7 9. Nxe6 fxe6 10. d4 Nf6 11. Bxf4 Qg4 12. g3 Nxe4 13. d5 exd5 14. Bxd5 Nf6 1/2-1/2

[Event "DLM-chT"]
[Site "Bad Homburg"]
[Date "2000.08.01"]
[Round "4.1"]
[White "Grafl, Florian"]
[Black "Wisnewski, Christoph"]
[Result "0-1"]
[WhiteElo "2299"]
[BlackElo "2140"]
[PlyCount "62"]
[EventDate "2000.07.29"]
[Source "www.chesslib.no"]
[SourceDate "2004.05.04"]

1. e4 e5 2. f4 exf4 3. Nc3 Qh4+ 4. Ke2 d5 5. Nxd5 Bd6 6. Nf3 Bg4 7. d4 Bxf3+ 8. gxf3 c6 9. Nc3 Nd7 10. Qe1 Qh6 11. Qf2 Ne7 12. Bd2 b5 13. a4 b4 14. Na2 c5 15. d5 Be5 16. Kd1 Bxb2 17. Rb1 Bd4 18. Qg2 O-O 19. Nc1 f5 20. Nb3 Be3 21. Qh3 Qd6 22. Na5 Ne5 23. Nc4 Nxc4 24. Bxc4 Ng6 25. Bxe3 fxe3 26. Qg3 f4 27. Qg5 Ne5 28. Rg1 Rf7 29. Be2 c4 30. h4 b3 31. Qh5 Qb4 0-1

[Event "FRA-chT2 0203"]
[Site "?"]
[Date "2003.??.??"]
[Round "10.6"]
[White "Roger Mehdi"]
[Black "Costagliola Marina"]
[Result "0-1"]
[WhiteElo "2213"]
[BlackElo "2214"]
[PlyCount "98"]
[EventDate "2003.??.??"]
[Source "www.chesslib.no"]
[SourceDate "2004.05.04"]

1. e4 e5 2. f4 exf4 3. Nc3 h6 4. Bc4 Nc6 5. d4 g5 6. e5 Nge7 7. Qh5 Ng6 8. Nge2 d6 9. e6 Qf6 10. Nd5 Qf5 11. Nxc7+ Kd8 12. Nxa8 Qxc2 13. Bb3 Qe4 14. Qf3 Qxf3 15. gxf3 fxe6 16. Bd2 Bd7 17. Bc3 d5 18. Kf2 Kc8 19. Bc2 Nh4 20. Nc1 Kb8 21. Nb3 Bg7 22. Rad1 Kxa8 23. Nc5 Bc8 24. Rhe1 Re8 25. b4 Re7 26. b5 Nd8 27. Bb2 Rc7 28. Bb3 Rxc5 29. dxc5 Bxb2 30. Bxd5 Ba3 31. Bxe6 Bxc5+ 32. Kf1 Nxe6 33. Rxe6 b6 34. Re8 Kb7 35. Rdd8 Bh3+ 36. Ke2 Kc7 37. Ra8 Ng6 38. Rxa7+ Kd6 39. Rg8 Ne5 40. Rd8+ Ke6 41. Rh8 Kd5 42. Rd8+ Ke6 43. Re8+ Kf6 44. Rh7 Nf7 45. a4 Kg6 46. Rxf7 Kxf7 47. Re4 Be6 48. h4 Kf6 49. hxg5+ hxg5 0-1

[Event "Snekkersten"]
[Site "Snekkersten"]
[Date "1979.??.??"]
[Round "1"]
[White "Nilsson, Nils Specht"]
[Black "Andersen, D."]
[Result "1/2-1/2"]
[WhiteElo "2200"]
[BlackElo "2200"]
[PlyCount "126"]
[EventDate "1979.??.??"]
[Source "ChessBase"]

1. e4 e5 2. f4 exf4 3. Nc3 c6 4. Bc4 d5 5. exd5 Bd6 6. Nf3 Ne7 7. dxc6 Nbxc6 8. O-O O-O 9. Ne4 Bg4 10. c3 Rc8 11. d4 Na5 12. Nxd6 Qxd6 13. Bd3 Bf5 14. Bxf5 Nxf5 15. Qd3 g6 16. Ng5 f6 17. Bxf4 Qc6 18. Nf3 Qd5 19. b3 b5 20. g4 Ng7 21. Bh6 Nb7 22. Rae1 Qd7 23. g5 Nc5 24. Qc2 Nce6 25. Bxg7 Kxg7 26. gxf6+ Rxf6 27. Qd2 Nf4 28. Ne5 Qf5 29. Kh1 g5 30. Re3 Rcf8 31. c4 h5 32. d5 bxc4 33. bxc4 g4 34. Ree1 Re8 35. Qd4 g3 36. Rxf4 Qxf4 37. Qxf4 Rxf4 38. d6 Rd4 39. c5 Rd5 40. Re3 Rxc5 41. Rxg3+ Kh7 42. d7 Rd8 43. Rg5 Rd5 44. Rxh5+ Kg7 45. Nc6 Rd1+ 46. Kg2 R8xd7 47. Ra5 R7d2+ 48. Kf3 Rxh2 49. Ne5 Rf1+ 50. Kg3 Re2 51. Rxa7+ Kf8 52. Ng4 Rg1+ 53. Kf3 Rc2 54. Ra3 Rc4 55. Ne3 Rh4 56. Kf2 Ra1 57. Ng2 Rc4 58. Rf3+ Ke7 59. Re3+ Kf6 60. Re2 Ra4 61. Ne1 Kf5 62. Nc2 R1xa2 63. Nd4+ Kf4 1/2-1/2

[Event "US Open"]
[Site "Pasadena, CA USA"]
[Date "1983.??.??"]
[Round "3"]
[White "Koploy, Paul"]
[Black "Pupols, Viktors"]
[Result "1-0"]
[WhiteElo "2282"]
[BlackElo "2100"]
[PlyCount "97"]
[EventDate "1983.08.07"]
[Source "www.chesslib.no"]
[SourceDate "2004.05.04"]

1. e4 e5 2. f4 exf4 3. Nc3 Qh4+ 4. Ke2 Nc6 5. Nf3 Qh5 6. d4 g5 7. g4 fxg3 8. Bg2 g4 9. Ne1 gxh2 10. Bf4 g3+ 11. Nf3 Qg4 12. Nd5 h5 13. Ke3 Bg7 14. Nxc7+ Kd8 15. d5 Nge7 16. dxc6 Ng6 17. Bd6 Bh6+ 18. Kd4 Bg7+ 19. Kd3 bxc6 20. Nxa8 Nf4+ 21. Bxf4 Qxf4 22. Qd2 Qxd2+ 23. Kxd2 h4 24. Bh3 d6 25. Bxc8 Kxc8 26. Ke2 Rh5 27. Nxh2 gxh2 28. Rxh2 Be5 29. Rh3 Bg3 30. Rf1 Rh7 31. Rf3 Rg7 32. Rh1 Kb7 33. Rhf1 Kxa8 34. Rxf7 Rxf7 35. Rxf7 h3 36. Rh7 h2 37. Kf3 Be5 38. c3 Kb8 39. Kg2 Bf4 40. Rf7 Be5 41. Rf5 Bg3 42. Rh5 Bf4 43. Rxh2 Bxh2 44. Kxh2 Kc7 45. Kg3 Kd7 46. Kf4 Ke6 47. b4 c5 48. bxc5 dxc5 49. c4 1-0

[Event "Baden-ch"]
[Site "Leimen"]
[Date "2001.04.13"]
[Round "1"]
[White "Benend, Andreas"]
[Black "Jaeschke, Benno"]
[Result "1-0"]
[WhiteElo "2115"]
[BlackElo "2235"]
[PlyCount "75"]
[EventDate "2001.04.13"]
[Source "ChessBase"]
[SourceDate "2001.07.03"]

1. e4 e5 2. f4 exf4 3. Nc3 d6 4. d4 g5 5. Bc4 h5 6. h4 Bg4 7. Nf3 f6 8. Qd3 Nh6 9. g3 Nc6 10. Nd5 Be7 11. hxg5 fxg5 12. gxf4 Bxf3 13. Qxf3 g4 14. Qb3 Na5 15. Qa4+ c6 16. Nxe7 Kxe7 17. f5 Kf8 18. Be6 b5 19. Qb4 h4 20. Bf4 Nb7 21. d5 c5 22. Qxb5 Rb8 23. Qe2 h3 24. Bxh6+ Rxh6 25. Qxg4 Qh4+ 26. Qxh4 Rxh4 27. O-O-O Ke7 28. f6+ Kxf6 29. Rxh3 Rxh3 30. Bxh3 Ke5 31. Bf5 c4 32. b3 Nc5 33. bxc4 Rb4 34. c3 Rxc4 35. Kb2 a5 36. Bh7 Ra4 37. Rf1 Nd3+ 38. Kc2 1-0

[Event "BCF Ch"]
[Site "Southampton ENG"]
[Date "1986.??.??"]
[Round "7"]
[White "Lyell, Mark"]
[Black "Teichmann, Erik O M C"]
[Result "0-1"]
[WhiteElo "2030"]
[BlackElo "2310"]
[PlyCount "104"]
[EventDate "1986.07.28"]
[Source "www.chesslib.no"]
[SourceDate "2004.05.04"]

1. e4 e5 2. f4 exf4 3. Nc3 Qh4+ 4. Ke2 d6 5. Nf3 Bg4 6. d4 f5 7. Bxf4 Nf6 8. Bg3 Qh5 9. exf5 Nc6 10. Kf2 O-O-O 11. Bb5 Ne7 12. h3 Bxf5 13. Be2 Be4 14. Qd2 h6 15. Bf4 Qf5 16. g4 Qd7 17. Bd3 Bxf3 18. Kxf3 g5 19. Be3 h5 20. Qg2 Bg7 21. gxh5 Nf5 22. Ke2 Nxe3 23. Kxe3 g4 24. Raf1 Rxh5 25. Rhg1 Qe7+ 26. Kd2 Bh6+ 27. Kd1 Qe3 28. Rxf6 gxh3 29. Qg4+ Kb8 30. Rxh6 h2 31. Rh1 Rxh6 32. Ne4 Rhh8 33. Nf6 Ka8 34. Qe4 Qxe4 35. Bxe4 Rdf8 36. Nd5 c6 37. Nc3 Rf2 38. Ke1 Rf4 39. Bg2 d5 40. Ne2 Rf6 41. c3 Kb8 42. Nc1 Rg6 43. Kf2 Rf8+ 44. Bf3 Rg1 45. Rxh2 Rxc1 46. Ke3 Re1+ 47. Be2 Rb1 48. Bd3 Re8+ 49. Kf4 Rd1 50. Bc2 Rf1+ 51. Kg5 Rg8+ 52. Kh6 Rfg1 0-1

[Event "Plzen opJ-C"]
[Site "Plzen"]
[Date "1998.??.??"]
[Round "1"]
[White "Nold, Markus"]
[Black "Rybak, Milan"]
[Result "1-0"]
[WhiteElo "2020"]
[BlackElo "2280"]
[PlyCount "61"]
[EventDate "1998.08.??"]
[Source "www.chesslib.no"]
[SourceDate "2004.05.04"]

1. e4 e5 2. f4 exf4 3. Nc3 Qh4+ 4. Ke2 d5 5. Nxd5 Bg4+ 6. Nf3 Nc6 7. Nxc7+ Kd8 8. Nxa8 Ne5 9. h3 Nxf3 10. hxg4 Nd4+ 11. Kd3 Qxh1 12. Kxd4 Nf6 13. c4 Qg1+ 14. Kd3 Bd6 15. g5 Ng4 16. Qxg4 Qxf1+ 17. Qe2 Qg1 18. Kc2 Qd4 19. Rb1 Re8 20. d3 Re5 21. Bxf4 Ra5 22. Bxd6 Qxd6 23. Qd2 Rxa2 24. Qc3 Qg3 25. Qd4+ Kc8 26. Qc5+ Kd7 27. Qb5+ Kd8 28. Qd5+ Ke8 29. e5 Qxg5 30. Nc7+ Kf8 31. Rf1 1-0

[Event "Corr"]
[Site "?"]
[Date "2004.03.31"]
[Round "?"]
[White "Evans Craig"]
[Black "Mayer Eduardo"]
[Result "0-1"]
[WhiteElo "2033"]
[BlackElo "2231"]
[PlyCount "46"]
[EventDate "2004.??.??"]
[Source "www.chesslib.no"]
[SourceDate "2004.05.04"]

1. e4 e5 2. f4 exf4 3. Nc3 c6 4. Bc4 b5 5. Bb3 Qh4+ 6. Kf1 Nf6 7. Nf3 Qh5 8. e5 Ng4 9. d4 a5 10. a4 b4 11. Ne4 Be7 12. c4 bxc3 13. bxc3 Ba6+ 14. c4 O-O 15. Qd3 f6 16. exf6 Nxf6 17. Nxf6+ Bxf6 18. Bxf4 c5 19. Bd6 Nc6 20. Bxc5 Nxd4 21. Bxf8 Nxb3 22. Qxb3 Bxa1 23. Be7 Qf5 0-1

[Event "Landesliga Nord 9697 Bayern"]
[Site "Germany"]
[Date "1997.??.??"]
[Round "?"]
[White "Burkhardt, Holger"]
[Black "Saathoff, Richard"]
[Result "0-1"]
[WhiteElo "2120"]
[BlackElo "2135"]
[PlyCount "44"]
[EventDate "1996.10.??"]
[Source "www.chesslib.no"]
[SourceDate "2004.05.04"]

1. e4 e5 2. f4 exf4 3. Nc3 Qh4+ 4. Ke2 Ne7 5. Nf3 Qh5 6. Kf2 d6 7. d4 g5 8. Be2 g4 9. Ne1 Bh6 10. Nd3 f3 11. Bf1 g3+ 12. Kxg3 Rg8+ 13. Kf2 Bxc1 14. Rxc1 fxg2 15. Bxg2 Qh4+ 16. Kf1 Nbc6 17. Nf2 Qg5 18. Bf3 Nxd4 19. Qxd4 Qxc1+ 20. Bd1 Qg5 21. Bf3 Nc6 22. Qa4 Bd7 0-1

[Event "Corr"]
[Site "?"]
[Date "2004.03.31"]
[Round "?"]
[White "Mayer Eduardo"]
[Black "Evans Craig"]
[Result "1/2-1/2"]
[WhiteElo "2221"]
[BlackElo "1979"]
[PlyCount "28"]
[EventDate "2004.??.??"]
[Source "www.chesslib.no"]
[SourceDate "2004.05.04"]

1. e4 e5 2. f4 exf4 3. Nc3 Qh4+ 4. Ke2 Qe7 5. d4 Nf6 6. Kf2 d5 7. Bxf4 Nxe4+ 8. Nxe4 dxe4 9. Ne2 Qf6 10. Kg1 Bd6 11. Qd2 Nc6 12. c3 O-O 13. Qe3 Bg4 14. Bxd6 Qxd6 1/2-1/2

[Event "Arco"]
[Site "?"]
[Date "2003.10.22"]
[Round "5"]
[White "Antoniacci Riccardo"]
[Black "Tocco Paolo"]
[Result "1-0"]
[WhiteElo "2041"]
[BlackElo "2156"]
[PlyCount "73"]
[EventDate "2003.??.??"]
[Source "www.chesslib.no"]
[SourceDate "2004.05.04"]

1. e4 e5 2. f4 exf4 3. Nc3 g6 4. Bc4 d6 5. d4 Bh6 6. Nf3 Be6 7. d5 Bg4 8. Qd4 f6 9. O-O Nd7 10. Bb5 Qe7 11. Nh4 Qe5 12. Qa4 Kd8 13. Nf3 Qe7 14. Nd4 Nb6 15. Qa3 g5 16. h3 Qe5 17. Nb3 Bc8 18. Bd2 g4 19. hxg4 Bxg4 20. Na4 f3 21. Bxh6 Nxh6 22. Nxb6 fxg2 23. Rf2 cxb6 24. Nd2 Bd7 25. Bxd7 Kxd7 26. Qh3+ Ke7 27. Qxh6 Rag8 28. Nc4 Qd4 29. Ne3 Qxb2 30. Nf5+ Kd7 31. Rd1 Rg6 32. Qh3 Kc7 33. Qb3 Qe5 34. Qf3 Rhg8 35. Qf4 Rg4 36. Qxe5 fxe5 37. Nh6 1-0

[Event "RLSO_Freilassing-Fürstenf'bruck"]
[Site "?"]
[Date "2004.04.25"]
[Round "9.3"]
[White "Schlosser Andre"]
[Black "Hicker Harald"]
[Result "1/2-1/2"]
[WhiteElo "2128"]
[BlackElo "2039"]
[PlyCount "136"]
[EventDate "2004.??.??"]
[Source "www.chesslib.no"]
[SourceDate "2004.05.04"]

1. e4 e5 2. f4 exf4 3. Nc3 Qh4+ 4. Ke2 d5 5. Nxd5 Bg4+ 6. Nf3 Bd6 7. d4 Ne7 8. Nxf4 Bxf3+ 9. Kxf3 g5 10. g3 Qh6 11. Nd3 f5 12. Qe1 Nbc6 13. c3 fxe4+ 14. Qxe4 O-O-O 15. Qg4+ Kb8 16. Qxg5 Rhf8+ 17. Kg2 Qe6 18. Qe3 Qd5+ 19. Kg1 Rxf1+ 20. Kxf1 Qxh1+ 21. Qg1 Qf3+ 22. Nf2 Rf8 23. Bh6 Rf6 24. Bg5 Re6 25. Rd1 Re2 26. Rd2 Rxd2 27. Bxd2 Nf5 28. Qg2 Qxg2+ 29. Kxg2 Kc8 30. Ne4 Be7 31. g4 Nd6 32. Ng3 Kd7 33. Kf3 Ke6 34. Bc1 Nd8 35. b3 N8f7 36. c4 c6 37. Ne2 Ng5+ 38. Kf4 Kf6 39. h4 Ne6+ 40. Kf3 Kg6 41. Kg3 Bf6 42. Ba3 Nf7 43. d5 cxd5 44. cxd5 Be5+ 45. Kf3 Nc7 46. Ke4 Nb5 47. Be7 Nbd6+ 48. Bxd6 Bxd6 49. Nd4 Bg3 50. Nf3 Nd6+ 51. Kd4 Kf6 52. a4 Bf2+ 53. Kd3 h6 54. Ke2 Bc5 55. Kd3 Bf2 56. Ke2 Bc5 57. Kd3 b6 58. Kc3 a5 59. Kd3 Ke7 60. Ne5 Bg1 61. g5 hxg5 62. hxg5 Bh2 63. Nc6+ Kf7 64. b4 axb4 65. Nxb4 Kg6 66. Nc2 Kxg5 67. a5 bxa5 68. Nb4 Nb7 1/2-1/2

[Event "ETC"]
[Site "?"]
[Date "2004.05.06"]
[Round "?"]
[White "Herzog Klaus"]
[Black "Milde Lars"]
[Result "1/2-1/2"]
[WhiteElo "2083"]
[BlackElo "2055"]
[PlyCount "22"]
[EventDate "2004.??.??"]
[Source "www.chesslib.no"]
[SourceDate "2004.05.04"]

1. e4 e5 2. f4 exf4 3. Nc3 Qh4+ 4. Ke2 c6 5. Nf3 Qh5 6. d4 d5 7. Bxf4 dxe4 8. Nxe4 Qg6 9. Qd3 Bf5 10. Qb3 Be6 11. Qd3 Bf5 1/2-1/2

[Event "St Ingbert Open"]
[Site "St Ingbert"]
[Date "1988.??.??"]
[Round "6"]
[White "Huber, Stefan"]
[Black "Nickl, Klaus"]
[Result "0-1"]
[WhiteElo "1880"]
[BlackElo "2245"]
[PlyCount "22"]
[EventDate "1988.08.20"]
[Source "www.chesslib.no"]
[SourceDate "2004.05.04"]

1. e4 e5 2. f4 exf4 3. Nc3 Qh4+ 4. Ke2 Qe7 5. d3 Nf6 6. Bxf4 d5 7. Bg5 dxe4 8. dxe4 Bg4+ 9. Nf3 Nbd7 10. Qd4 Qc5 11. Rd1 Qxg5 0-1

[Event "NRW-Liga 9900"]
[Site "Germany"]
[Date "2000.03.22"]
[Round "7.8"]
[White "Klasmeier, Jens"]
[Black "Kretschmann, Thomas"]
[Result "1-0"]
[WhiteElo "2067"]
[BlackElo "2021"]
[PlyCount "78"]
[EventDate "1999.10.??"]
[Source "www.chesslib.no"]
[SourceDate "2004.05.04"]

1. e4 e5 2. f4 exf4 3. Nc3 Qh4+ 4. Ke2 d5 5. Nxd5 Bd6 6. Nf3 Bg4 7. d4 c6 8. Nxf4 Bxf3+ 9. Kxf3 Nf6 10. h3 Bxf4 11. Bxf4 g5 12. g3 Qh5+ 13. g4 Qg6 14. Bd3 gxf4 15. e5 Qg5 16. exf6 Nd7 17. Qe2+ Kd8 18. Rae1 Kc7 19. Qe4 Nxf6 20. Qxf4+ Qxf4+ 21. Kxf4 Kd6 22. c4 b6 23. Re5 Nd7 24. Re3 Nf8 25. Bf5 Ne6+ 26. Bxe6 fxe6 27. Rhe1 Raf8+ 28. Kg3 Rf6 29. Rf3 Rg6 30. Rf7 h5 31. Rxa7 hxg4 32. hxg4 Rgh6 33. Re5 Rh3+ 34. Kf4 Rf8+ 35. Ke4 c5 36. dxc5+ bxc5 37. Ra6+ Kd7 38. Raxe6 Rf1 39. Kd5 Rf2 1-0

[Event "ESP Ch U18"]
[Site "Los Barrios"]
[Date "1995.??.??"]
[Round "4"]
[White "Planells Roig, Jose"]
[Black "Munoz Perez, Ivan"]
[Result "1-0"]
[WhiteElo "1895"]
[BlackElo "2075"]
[PlyCount "49"]
[EventDate "1995.??.??"]
[Source "www.chesslib.no"]
[SourceDate "2004.05.04"]

1. e4 e5 2. f4 exf4 3. Nc3 c6 4. Nf3 d6 5. d4 g5 6. h4 g4 7. Ng5 h6 8. Nxf7 Kxf7 9. Bc4+ Kg7 10. Bxf4 Rh7 11. e5 Kh8 12. O-O d5 13. Bd3 Re7 14. Ne2 Na6 15. Bg3 Re8 16. Nf4 Ne7 17. e6 Bg7 18. c3 Rg8 19. Kh1 Nc7 20. Qxg4 Qe8 21. Ng6+ Nxg6 22. Bxg6 Bxe6 23. Qh5 Qd7 24. Be5 Raf8 25. Qxh6# 1-0

[Event "Montigny le Bretonneux FRA, Open 2003"]
[Site "?"]
[Date "2003.12.27"]
[Round "2.12"]
[White "Plantet Marc"]
[Black "Francois Jean"]
[Result "0-1"]
[WhiteElo "2082"]
[BlackElo "1820"]
[PlyCount "97"]
[EventDate "2003.??.??"]
[Source "www.chesslib.no"]
[SourceDate "2004.05.04"]

1. e4 e5 2. f4 exf4 3. Nc3 Qh4+ 4. Ke2 Nc6 5. Nf3 Qh5 6. d4 g5 7. Nd5 Kd8 8. Kf2 Bg7 9. Be2 d6 10. Ne5 Qh4+ 11. g3 fxg3+ 12. hxg3 Qxe4 13. Bf3 Qf5 14. g4 Qe6 15. Bxg5+ f6 16. Nf4 Qe8 17. Nxc6+ bxc6 18. Re1 Ne7 19. Bh4 d5 20. c4 Qf7 21. cxd5 Nxd5 22. Nxd5 cxd5 23. Rc1 Bd7 24. Qb3 c6 25. Qb7 Rc8 26. Qxa7 Be6 27. Qb6+ Kd7 28. a4 Rhe8 29. a5 f5 30. g5 Qf8 31. a6 Qd6 32. Rh1 Qf4 33. Kg2 Bxd4 34. Qb7+ Rc7 35. Qxc7+ Qxc7 36. Bg3 f4 37. Rxh7+ Re7 38. Rxe7+ Kxe7 39. Bh4 Kd6 40. b4 Qa7 41. Rd1 Be3 42. Be2 Bf5 43. Ra1 Be4+ 44. Bf3 Qh7 45. Bf2 Bxf3+ 46. Kxf3 Qh5+ 47. Kg2 f3+ 48. Kg3 Qxg5+ 49. Kxf3 0-1

[Event "Corr"]
[Site "?"]
[Date "2001.07.12"]
[Round "?"]
[White "Kern Michael"]
[Black "Newton Hobart E"]
[Result "1/2-1/2"]
[WhiteElo "1827"]
[BlackElo "2026"]
[PlyCount "71"]
[EventDate "2001.??.??"]
[Source "www.chesslib.no"]
[SourceDate "2004.05.04"]

1. e4 e5 2. f4 exf4 3. Nc3 Qh4+ 4. Ke2 Nf6 5. Nf3 Qh6 6. d4 Bb4 7. e5 Ng4 8. Qd3 Ba5 9. g3 Ne3 10. Bxe3 fxe3 11. Qxe3 Qxe3+ 12. Kxe3 O-O 13. Nd5 Re8 14. b4 c6 15. bxa5 cxd5 16. c4 dxc4 17. Bxc4 Nc6 18. Ng5 d5 19. Bxd5 Nxe5 20. a6 Rb8 21. Rhe1 h6 22. Ne4 Ng6 23. Kd3 Rd8 24. axb7 Bxb7 25. Bxb7 Rxb7 26. Nc5 Rb2 27. h4 Rh2 28. a3 f5 29. Re6 Nf8 30. Re7 Rh3 31. Re3 f4 32. gxf4 Rxh4 33. Re4 Rh5 34. Kc4 Nd7 35. Nxd7 Rxd7 36. Kd3 1/2-1/2

[Event "Corr"]
[Site "?"]
[Date "2002.06.08"]
[Round "?"]
[White "Kern Michael"]
[Black "Hoefer Hans-Peter"]
[Result "1/2-1/2"]
[WhiteElo "1838"]
[BlackElo "1986"]
[PlyCount "22"]
[EventDate "2002.??.??"]
[Source "www.chesslib.no"]
[SourceDate "2004.05.04"]

1. e4 e5 2. f4 exf4 3. Nc3 Qh4+ 4. Ke2 d5 5. Nxd5 Bg4+ 6. Nf3 Nc6 7. Nxc7+ Kd8 8. Nxa8 Ne5 9. h3 Bxf3+ 10. gxf3 Qg3 11. d3 Qxf3+ 1/2-1/2

[Event "Wch Seniors"]
[Site "Bad Wildbad"]
[Date "1997.??.??"]
[Round "7"]
[White "Hoffmann, Erich"]
[Black "Denda, Ronald"]
[Result "0-1"]
[WhiteElo "1808"]
[BlackElo "1933"]
[PlyCount "88"]
[EventDate "1997.11.??"]
[Source "www.chesslib.no"]
[SourceDate "2004.05.04"]

1. e4 e5 2. f4 exf4 3. Nc3 Ne7 4. Nf3 Ng6 5. Bc4 d6 6. d4 Be7 7. O-O Be6 8. Bd3 O-O 9. Ne2 f5 10. exf5 Bxf5 11. Bxf5 Rxf5 12. Qd3 Qc8 13. Bd2 d5 14. c3 Bd6 15. Rf2 c6 16. Raf1 Qe6 17. Ne1 Nd7 18. g3 Nf6 19. Nxf4 Nxf4 20. Bxf4 Bxf4 21. Rxf4 Rxf4 22. gxf4 Re8 23. Ng2 Qg4 24. Qf3 Re2 25. Qxg4 Nxg4 26. Rb1 Rd2 27. a3 Nf2 28. f5 Nd3 29. b3 Rc2 30. c4 dxc4 31. bxc4 Rxc4 32. Ne3 Rc1+ 33. Rxc1 Nxc1 34. Kf2 Nb3 35. d5 cxd5 36. Nxd5 Nd4 37. f6 g6 38. Ke3 Nc2+ 39. Kf4 Nxa3 40. Kg5 Nb5 41. Kh6 Nd6 42. Ne7+ Kh8 43. Nxg6+ hxg6 44. Kxg6 Kg8 0-1

[Event "Corr"]
[Site "?"]
[Date "2001.08.14"]
[Round "?"]
[White "Kern Michael"]
[Black "Bucur Sorin"]
[Result "0-1"]
[WhiteElo "1820"]
[BlackElo "1745"]
[PlyCount "58"]
[EventDate "2001.??.??"]
[Source "www.chesslib.no"]
[SourceDate "2004.05.04"]

1. e4 e5 2. f4 exf4 3. Nc3 Qh4+ 4. Ke2 d5 5. Nxd5 Bg4+ 6. Nf3 Bd6 7. d4 Nc6 8. c3 O-O-O 9. Kd3 Qh6 10. Kc2 Kb8 11. Bd3 f5 12. Kb1 fxe4 13. Bxe4 Re8 14. Bc2 Nf6 15. Nxf6 Qxf6 16. Re1 Bf5 17. Bd2 Rhf8 18. Rxe8+ Rxe8 19. Bxf5 Qxf5+ 20. Qc2 Qh5 21. Bc1 h6 22. h3 Qf7 23. Qd3 Qe7 24. c4 Qe4 25. Qxe4 Rxe4 26. Kc2 Re2+ 27. Bd2 Rxg2 28. Re1 Kc8 29. c5 Rf2 0-1

[Event "Bad Sooden-Ad' (22.04.-30.04)"]
[Site "?"]
[Date "2005.04.26"]
[Round "5"]
[White "Hoffmann Erich[36Berge'bb"]
[Black "Burreh Heinz"]
[Result "1-0"]
[WhiteElo "1768"]
[BlackElo "1790"]
[PlyCount "109"]
[EventDate "2005.??.??"]
[Source "www.chesslib.no"]
[SourceDate "2004.05.04"]

1. e4 e5 2. f4 exf4 3. Nc3 Qh4+ 4. Ke2 Nc6 5. Nf3 Qd8 6. d4 d6 7. Bxf4 Nge7 8. Kf2 Ng6 9. Be3 a6 10. Bd3 Be7 11. Rf1 O-O 12. Kg1 Bg4 13. Nd5 Bxf3 14. Nxe7+ Qxe7 15. Rxf3 Nb4 16. a3 Nxd3 17. cxd3 c5 18. dxc5 dxc5 19. Rf5 Rac8 20. Qh5 b6 21. Rf3 Qe5 22. Qxe5 Nxe5 23. Rg3 Rfd8 24. Bh6 Rxd3 25. Rxg7+ Kh8 26. Rg5 Ng6 27. Rf1 Rd7 28. g3 Rc6 29. h4 f6 30. Rgf5 Rf7 31. Rd5 Kg8 32. h5 Nf8 33. g4 Re6 34. Rf4 Rfe7 35. Rd8 Rf7 36. g5 Ree7 37. g6 hxg6 38. hxg6 Rg7 39. Rxf6 Ref7 40. Rxf8+ Rxf8 41. Bxg7 Kxg7 42. Rxb6 Re8 43. Rxa6 Rxe4 44. Kf2 Rc4 45. Ke3 Rc2 46. Rb6 Rc1 47. Kd3 Rg1 48. Kc4 Rc1+ 49. Kd5 Rc2 50. a4 c4 51. Kd4 Rc1 52. a5 Ra1 53. a6 Ra4 54. Kc5 Kf8 55. Kb5 1-0

[Event "Paris op-2"]
[Site "Paris FRA"]
[Date "1989.??.??"]
[Round "?"]
[White "Lembeye, M."]
[Black "Roulin, JP."]
[Result "1-0"]
[WhiteElo "1790"]
[BlackElo "1700"]
[PlyCount "57"]
[EventDate "1989.??.??"]
[Source "www.chesslib.no"]
[SourceDate "2004.05.04"]

1. e4 e5 2. f4 exf4 3. Nc3 Qh4+ 4. Ke2 d5 5. Nxd5 Bd6 6. d4 c6 7. Nf3 Bg4 8. Nxf4 Bxf3+ 9. Kxf3 g5 10. g3 Qh6 11. e5 Bc7 12. Nd3 Ne7 13. Kg2 f6 14. Be2 O-O 15. h4 Qg7 16. hxg5 fxe5 17. dxe5 Bxe5 18. Nxe5 Qxe5 19. Bf4 Qc5 20. Qd6 Qxd6 21. Bxd6 Rf7 22. Raf1 Nf5 23. Bf4 b5 24. g4 Nd4 25. Bd3 Nd7 26. Be3 Rxf1 27. Bxh7+ Kf8 28. Rxf1+ Ke7 29. Bxd4 1-0

[Event "Corr"]
[Site "?"]
[Date "2002.07.01"]
[Round "?"]
[White "Kern Michael"]
[Black "Rakovic Miroslav"]
[Result "1/2-1/2"]
[WhiteElo "1807"]
[BlackElo "1669"]
[PlyCount "37"]
[EventDate "2002.??.??"]
[Source "www.chesslib.no"]
[SourceDate "2004.05.04"]

1. e4 e5 2. f4 exf4 3. Nc3 Qh4+ 4. Ke2 d5 5. Nxd5 Bg4+ 6. Nf3 Nc6 7. Nxc7+ Kd8 8. Nxa8 f5 9. c3 fxe4 10. Qb3 exf3+ 11. gxf3 Qe7+ 12. Kf2 Qh4+ 13. Kg2 Bh3+ 14. Kg1 Bc5+ 15. d4 Bxd4+ 16. cxd4 Qg5+ 17. Kf2 Qh4+ 18. Kg1 Qg5+ 19. Kf2 1/2-1/2

[Event "Corr"]
[Site "?"]
[Date "2001.09.21"]
[Round "?"]
[White "Kern Michael"]
[Black "Berkley Stephen W"]
[Result "1/2-1/2"]
[WhiteElo "1667"]
[BlackElo "1734"]
[PlyCount "70"]
[EventDate "2001.??.??"]
[Source "www.chesslib.no"]
[SourceDate "2004.05.04"]

1. e4 e5 2. f4 exf4 3. Nc3 Qh4+ 4. Ke2 Qe7 5. d3 Nf6 6. Bxf4 d5 7. Kd2 dxe4 8. Kc1 Bf5 9. dxe4 Bxe4 10. Nf3 Nc6 11. Bb5 Rd8 12. Nd2 Nd5 13. Nxd5 Bxd5 14. Bxc6+ bxc6 15. Re1 Be6 16. Qf3 Qd7 17. Qc3 Bd6 18. Bh6 f6 19. Bxg7 Bf4 20. Re2 Rg8 21. Bxf6 Bxd2+ 22. Rxd2 Qxd2+ 23. Qxd2 Rxd2 24. Kxd2 Rxg2+ 25. Kc3 Rxh2 26. Re1 Kd7 27. Be5 Rg2 28. Rh1 Bf5 29. Rh2 Rg1 30. Rd2+ Kc8 31. Rh2 Rd1 32. b3 Kd7 33. Rf2 Bg6 34. Rd2+ Rxd2 35. Kxd2 Bf5 1/2-1/2